000 01833cam a22005054i 4500
003 PE-LiUPU
005 20250731172911.0
008 150617s r 000 0 d
020 _a8472091252
035 _a(Sirsi) i9788472091252
040 _aPE-LiUPU
_bspa
_cPE-LiUPU
_erda
049 _aPRUA
082 0 4 _a261.7
_bU76
_221
100 1 _aUreña, Enrique M.,
_eautor.
245 1 3 _aEl mito del cristianismo socialista :
_bcrítica económica de una controversia ideológica /
_cEnrique M. Ureña.
250 _a3a
264 1 _aMadrid :
_bUnión Editorial,
_c1984.
300 _a254 páginas ;
_c18 centímetros
336 _atext
_2rdacontent
337 _aunmediated
_2rdamedia
338 _avolume
_2rdacarrier
504 _aIncluye bibliografía.
505 0 _aCapitalismo, marxismo y cristianismo. -Criterios para el enjuiciamiento ético de un sistema económico. -La economía capitalista. -La economía socialista. -Comparación crítica entre capitalismo y socialismo. -El cristianismo ante la alternativa capitalismo/socialismo.
526 _aSEG42
526 _aSEG41
526 _aSEG40
526 _aSEG39
526 _aP94
526 _aP87
526 _aP86
526 _aP85
526 _aP77
526 _aP76
526 _aP35
650 0 4 _aCapitalismo.
650 0 4 _aCristianismo.
650 0 4 _aSocialismo cristiano.
910 _ajck
_bjvq
_cjck
_d20150616
942 _2ddc
_cBOOK
949 _a261.7 U76
_wDEWEY
_c1
_i27681
_lCCODEBUL1
_mBUL
_r0
_sY
_tBOOK
_u2015-4-21
_xTEOLOGIA
_PP35
_0COMPRA
_o.STAFF. Colección General
994 _aC0
_bPEPRU
596 _a1
999 _a261.7 U76
_wDEWEY
_c16384
_i27681
_f2021-11-12
_g5
_lCCODEBUL1
_mBUL
_r0
_sY
_tBOOK
_u2015-4-21
_xTEOLOGIA
_PP35
_0COMPRA
_o.STAFF. Colección General
_d16384
980 _81
_gALBERTO SANCHEZ Responsable de Automatización